| 000 | 00516nam a22001817a 4500 | ||
|---|---|---|---|
| 999 |
_c20344 _d20344 |
||
| 003 | BDDh-ASL | ||
| 005 | 20231015025857.0 | ||
| 008 | 201229s1965 e ||||| |||| 00| 0 eng d | ||
| 040 | _cBDDh-ASL | ||
| 082 |
_a297.04 _bENC |
||
| 245 | 0 | 4 |
_aThe Encyclopedia of Islam. Volume-2 / _cLewis, B. et. al. |
| 260 |
_aLeiden: _bE. J. Brill, _c1965 |
||
| 300 |
_a1359 p.: _c26 cm. |
||
| 650 | 0 |
_92222 _aEncyclopaedia _vEncyclopedia |
|
| 650 | 0 |
_91652 _aIslam |
|
| 700 | 1 |
_92654 _aLewis, Bernard _cProfessor |
|
| 942 |
_2ddc _cBK |
||